logo

Bir Sreshtho Munshi Abdur Rouf Library
Jhenaidah Cadet College

জীববিজ্ঞান প্রথম পত্র একাদশ-দ্বাদশ শ্রেণি / (Record no. 5439)

MARC details
000 -LEADER
fixed length control field 00739nam a2200217 a 4500
001 - CONTROL NUMBER
JCCL Control Number 5439
003 - CONTROL NUMBER IDENTIFIER
JCCL marc code BD-JhCC
005 - DATE AND TIME OF LATEST TRANSACTION
control field 20220623134023.0
008 - FIXED-LENGTH DATA ELEMENTS--GENERAL INFORMATION
fixed length control field 171214s20132015bg a|||| || | 000 0 ben d
035 ## - SYSTEM CONTROL NUMBER
system control number (BD-JhCC)5439
040 ## - CATALOGING SOURCE
Original cataloging agency BD-JhCC
Modifying agency BD-JhCC
041 ## - LANGUAGE CODE
Language code of Book eng
082 ## - DEWEY DECIMAL CLASSIFICATION NUMBER
Classification number 570
Author mark and Year HAS 2015
100 ## - MAIN ENTRY--PERSONAL NAME
Personal name হাসান, মোহাম্মদ আবুল
245 ## - TITLE STATEMENT
Title জীববিজ্ঞান প্রথম পত্র একাদশ-দ্বাদশ শ্রেণি /
Statement of responsibility, etc মোহাম্মদ আবুল হাসান,
260 ## - PUBLICATION, DISTRIBUTION, ETC. (IMPRINT)
Place of publication, distribution, etc ঢাকা :
Name of publisher, distributor, etc হাসান বুক হাউস,
Date of publication, distribution, etc 2015
300 ## - PHYSICAL DESCRIPTION
Pagination xxiii, 300 p. :
Dimensions 24 cm.
650 ## - SUBJECT ADDED ENTRY--TOPICAL TERM
Topical term or geographic name as entry element Biology
942 ## - ADDED ENTRY ELEMENTS (KOHA)
Source of classification or shelving scheme Dewey Decimal Classification
Koha item type Books
Koha issues (borrowed), all copies 19
Holdings
Source of classification or shelving scheme Damaged status Not for loan Home library Current library Shelving location Date of accession Cost, normal purchase price Total Checkouts Full call number Barcode Date last seen Date checked out Copy number Koha item type Checked out
Dewey Decimal Classification     JCC Rouf Library JCC Rouf Library General Stacks 04/25/2024 126.00 4 570 HAS 2015 7599 05/23/2024 05/23/2024 C-1 Books  
Dewey Decimal Classification     JCC Rouf Library JCC Rouf Library General Stacks 04/19/2024 126.00 3 570 HAS 2015 7598 02/24/2025 02/22/2025 C-2 Books  
Dewey Decimal Classification     JCC Rouf Library JCC Rouf Library General Stacks 12/18/2017 118.00   570 HAS 2015 7686 12/18/2017   C-3 Books  
Dewey Decimal Classification     JCC Rouf Library JCC Rouf Library General Stacks 01/28/2018 126.00 2 570 HAS 2015 9178 06/21/2020 06/21/2020 C-4 Books 07/26/2020
Dewey Decimal Classification     JCC Rouf Library JCC Rouf Library General Stacks 02/08/2018 118.00 2 570 HAS 2015 8626 07/20/2025 07/13/2025 C-5 Books  
Dewey Decimal Classification     JCC Rouf Library JCC Rouf Library General Stacks 08/28/2019 224.00 8 570 HAS 2019 15543 07/27/2025 07/20/2025 C-6 Books  
Dewey Decimal Classification     JCC Rouf Library JCC Rouf Library General Stacks 08/28/2019 224.00 6 570 HAS 2019 15542 05/25/2025 05/04/2025 C-7 Books  
Dewey Decimal Classification     JCC Rouf Library JCC Rouf Library General Stacks 08/28/2019 224.00 1 570 HAS 2019 15541 03/25/2020 02/26/2020 C-8 Books  

JCC Library | Contacts | JCC Home

Last Update on 23 September 2017
Copyright @ 2017-2020 JCC Rouf Library
Rouf Library, Jhenidah Cadet College (JCC), Bangladesh